Т. 2: Термодинамика и молекулярная физика; Общий курс физики

Bibliographische Detailangaben
Parent link:Общий курс физики=Cours de Physique Generale/ Д. В. Сивухин. Т. 2: Термодинамика и молекулярная физика.— , 1982
Sprache:Französisch
Veröffentlicht: 1982
Schlagworte:
Format: Buch
KOHA link:https://koha.lib.tpu.ru/cgi-bin/koha/opac-detail.pl?biblionumber=261261

MARC

LEADER 00000nam2a2200000 4500
001 261261
005 20231101233541.0
035 |a (RuTPU)RU\TPU\book\284237 
035 |a RU\TPU\book\33356 
035 |a RU\TPU\book\280807 
035 |a RU\TPU\book\284237 
090 |a 261261 
100 |a 20140422d1982 m y0rusy50 ca 
101 1 |a fre  |c rus 
102 |a RU 
105 |a a j 001zy 
200 0 |a Т. 2: Термодинамика и молекулярная физика  |d Thermodynamique et Physique moleculaire 
210 |d 1982 
215 |a 575 с.  |c ил. 
320 |a Именной указатель: с. 562-563. 
320 |a Предметный указатель: с. 564-570. 
461 1 |0 (RuTPU)RU\TPU\book\283606  |t Общий курс физики  |l Cours de Physique Generale  |f Д. В. Сивухин  |v Т. 2: Термодинамика и молекулярная физика  |d 1982 
510 1 |a Thermodynamique et Physique moléculaire  |z fre 
606 1 |a Физика  |2 stltpush  |3 (RuTPU)RU\TPU\subj\63709  |9 80688 
606 1 |a Термодинамика  |2 stltpush  |3 (RuTPU)RU\TPU\subj\59922  |9 77416 
606 1 |a Молекулярная физика  |2 stltpush  |3 (RuTPU)RU\TPU\subj\44299  |9 63655 
610 1 |a учебные пособия 
610 1 |a кристаллы 
610 1 |a температура 
610 1 |a теплопроводность 
610 1 |a статистические распределения 
610 1 |a явления переноса 
610 1 |a реальные газы 
610 1 |a поверхностное натяжение 
610 1 |a фазовое равновесие 
610 1 |a фазовое разделение 
610 1 |a растворы 
610 1 |a симметрия 
675 |a 53(075.8)  |v 3 
675 |a 536.7(075.8)  |v 3 
675 |a 539.19(075.8)  |v 3 
801 0 |a RU  |b 63413507  |c 20011210  |g PSBO 
801 2 |a RU  |b 63413507  |c 20140522  |g PSBO 
900 |a Физика 
942 |c BK